| 000 | 00444nam a2200145Ia 4500 | ||
|---|---|---|---|
| 008 | 210210b2005 xxu||||| |||| 00| 0 eng d | ||
| 082 | _a351.3 BRIC | ||
| 100 | _aBRIGHT (Pritam Singh). | ||
| 245 | _aCareer's general studies: objective type multiple choice for civil services preliminary exam. | ||
| 260 |
_aDelhi _bBright Careers _c2005 |
||
| 300 | _axvi,56... | ||
| 650 | _aGeneral studies | ||
| 690 | _aGeneral Knowledge | ||
| 906 | _a059807 | ||
| 999 |
_c106842 _d106842 |
||